ICT IN EDUCATION (Record no. 12703)

MARC details
000 -LEADER
fixed length control field 00268nam a22001337a 4500
003 - CONTROL NUMBER IDENTIFIER
control field SGT
082 ## - DEWEY DECIMAL CLASSIFICATION NUMBER
Classification number 370
Item number I16Z
100 ## - MAIN ENTRY--PERSONAL NAME
Personal name ZAIDI, S.F.
245 ## - TITLE STATEMENT
Title ICT IN EDUCATION
260 ## - PUBLICATION, DISTRIBUTION, ETC. (IMPRINT)
Place of publication, distribution, etc NEW DELHI
Name of publisher, distributor, etc APH PUB
Year of Publication 2016
300 ## - PAGE DESCRIPTION
No. of Pages 83
650 ## - SUBJECT ADDED ENTRY--TOPICAL TERM
Topical term or geographic name as entry element EDUCATION
942 ## - ADDED ENTRY ELEMENTS (KOHA)
Source of classification or shelving scheme Dewey Decimal Classification
Koha item type Books

No items available.